000 00853nam a2200277Ia 4500
001 4440
005 20251210145039.0
008 160601s2004 ck g 000 0 spa
020 _a958046099X
020 _a7706894219629
040 _aCO-BoRNBP
_bspa
_erda
_cCO-BoRNBP
084 _aN GON1
100 1 _aGonzález, Tomás
_d1950-
_91189
245 1 0 _aPrimero estaba el mar
_cTomás González
250 _a3a. edición
264 _aBogotá
_bNorma
_c2004
300 _a125 páginas
_c21 cm
336 _atexto
_btxt
_2rdacontent
337 _asin mediación
_bn
_2rdamedia
338 _avolumen
_bnc
_2rdacarrier
490 _aLa otra orilla
650 1 4 _2LEMB
_aNovela colombiana
_ySiglo XX
_9426
650 1 4 _2LEMB
_aLiteratura colombiana
_ySiglo XX
_9427
650 1 4 _2LEMB
_aRelaciones de pareja en la literatura
_92675
942 _2loc
_cBKLIT
999 _c4440
_d4440